00806nam a22002411 45000010005000000030008000050050017000130080041000300350018000710400038000890410008001270820017001351000027001522450055001792600037002343000033002715000019003045040030003236500041003539420012003949990015004069520143004216113BD-RjUL20211208234204.0140109s1964 nyua b 000 0 eng d a(BD-RjUL)6152 aDLC/ICUcICUdDLCd(BD-RjUL)beng aeng00a510.783bBEU1 aBenrey, Ronald.91924310aUnderstanding digital computers /cBenrey, Ronald. aNew York :bJ.F. Rider,c[c1964] aviii, 166 p.billus.c24 cm. aIncludes Index aBibliography: p. 160-161. 0aElectronic digital computers.919244 2ddccBK c6113d6113 00102ddc40718NFICaRUCLbRUCLcreadingd1966-06-23eAsia Fundation Giftl0o510.783 BEU 1964r2014-01-09 00:00:00tC-1w2014-01-09yBK